[Event "ODJM A 2023"]
[Site "Willingen GER"]
[Date "2023.06.03"]
[Round "9"]
[White "Savchenko, Daniel"]
[Black "Uhlmann, Tim"]
[Result "0-1"]
[Termination "normal"]
[Board "11"]
[WhiteElo "2104"]
[BlackElo "1859"]
[WhiteClock "00:29:23"]
[BlackClock "00:54:35"]
[PlyCount "128"]
[WhiteFideId "12919195"]
[BlackFideId "16239210"]
[EventCountry "GER"]
[EventRounds "9"]
[EventType "swiss"]
[EventDate "2023.05.27"]

1. e4 {[%clk 01:30:58]} {[%emt 00:00:02]} e5 {[%clk 01:30:36]} {[%emt
00:00:24]} 2. Nf3 {[%clk 01:31:23]} {[%emt 00:00:05]} Nc6 {[%clk 01:31:03]}
{[%emt 00:00:04]} 3. Bb5 {[%clk 01:31:47]} {[%emt 00:00:06]} a6 {[%clk
01:31:21]} {[%emt 00:00:18]} 4. Ba4 {[%clk 01:32:12]} Nf6 {[%clk 01:31:44]}
{[%emt 00:00:06]} 5. d4 {[%clk 01:31:38]} {[%emt 00:01:03]} b5 {[%clk
01:25:41]} {[%emt 00:06:32]} 6. Bb3 {[%clk 01:31:50]} {[%emt 00:00:19]} exd4
{[%clk 01:24:30]} {[%emt 00:01:41]} 7. e5 {[%clk 01:21:36]} {[%emt 00:10:44]}
Ng4 {[%clk 01:16:32]} {[%emt 00:08:28]} 8. Bxf7+ {[%clk 01:21:14]} {[%emt
00:00:52]} Kxf7 {[%clk 01:16:54]} {[%emt 00:00:07]} 9. Ng5+ {[%clk 01:21:39]}
{[%emt 00:00:06]} Kg8 {[%clk 01:14:52]} {[%emt 00:02:31]} 10. Qxg4 {[%clk
01:21:58]} {[%emt 00:00:11]} h6 {[%clk 01:14:44]} {[%emt 00:00:39]} 11. Nf3
{[%clk 01:20:59]} {[%emt 00:01:29]} d5 {[%clk 01:08:23]} {[%emt 00:06:51]} 12.
Qh5 {[%clk 01:11:22]} {[%emt 00:10:07]} Nb4 {[%clk 01:05:50]} {[%emt 00:03:03]}
13. Na3 {[%clk 01:04:19]} {[%emt 00:07:33]} c5 {[%clk 01:04:06]} {[%emt
00:02:14]} 14. O-O {[%clk 01:01:08]} {[%emt 00:03:42]} Be6 {[%clk 01:03:13]}
{[%emt 00:01:23]} 15. Bd2 {[%clk 00:56:23]} {[%emt 00:05:15]} Nc6 {[%clk
01:01:16]} {[%emt 00:02:28]} 16. Rae1 {[%clk 00:55:15]} {[%emt 00:01:37]} Qe8
{[%clk 00:59:44]} {[%emt 00:02:01]} 17. Qxe8 {[%clk 00:53:27]} {[%emt
00:02:19]} Rxe8 {[%clk 01:00:10]} {[%emt 00:00:05]} 18. Nh4 {[%clk 00:53:43]}
{[%emt 00:00:14]} Kh7 {[%clk 00:59:36]} {[%emt 00:01:03]} 19. f4 {[%clk
00:53:58]} {[%emt 00:00:16]} Be7 {[%clk 00:59:51]} {[%emt 00:00:14]} 20. Nf3
{[%clk 00:53:52]} {[%emt 00:00:37]} c4 {[%clk 00:58:36]} {[%emt 00:01:45]} 21.
Nb1 {[%clk 00:49:21]} {[%emt 00:05:01]} Bf5 {[%clk 00:57:28]} {[%emt 00:01:37]}
22. c3 {[%clk 00:47:36]} {[%emt 00:02:16]} Bd3 {[%clk 00:52:43]} {[%emt
00:05:15]} 23. cxd4 {[%clk 00:47:44]} {[%emt 00:00:23]} Bxf1 {[%clk 00:53:06]}
{[%emt 00:00:06]} 24. Rxf1 {[%clk 00:48:08]} {[%emt 00:00:05]} b4 {[%clk
00:53:22]} {[%emt 00:00:15]} 25. f5 {[%clk 00:48:02]} {[%emt 00:00:37]} Rhf8
{[%clk 00:53:39]} {[%emt 00:00:12]} 26. g4 {[%clk 00:48:10]} {[%emt 00:00:21]}
a5 {[%clk 00:53:32]} {[%emt 00:00:38]} 27. h3 {[%clk 00:45:31]} {[%emt
00:03:09]} a4 {[%clk 00:53:01]} {[%emt 00:01:01]} 28. a3 {[%clk 00:45:13]}
{[%emt 00:00:49]} Rb8 {[%clk 00:51:34]} {[%emt 00:01:56]} 29. axb4 {[%clk
00:45:25]} {[%emt 00:00:19]} Bxb4 {[%clk 00:51:12]} {[%emt 00:00:52]} 30. Nc3
{[%clk 00:44:04]} {[%emt 00:01:50]} Bxc3 {[%clk 00:50:49]} {[%emt 00:00:53]}
31. Bxc3 {[%clk 00:44:27]} {[%emt 00:00:06]} a3 {[%clk 00:49:26]} {[%emt
00:01:53]} 32. bxa3 {[%clk 00:44:51]} {[%emt 00:00:09]} Rb3 {[%clk 00:49:50]}
{[%emt 00:00:04]} 33. Bb4 {[%clk 00:43:51]} {[%emt 00:01:30]} Nxb4 {[%clk
00:50:14]} {[%emt 00:00:06]} 34. axb4 {[%clk 00:44:17]} {[%emt 00:00:05]} Rxb4
{[%clk 00:50:39]} {[%emt 00:00:05]} 35. e6 {[%clk 00:43:34]} {[%emt 00:01:12]}
c3 {[%clk 00:50:37]} {[%emt 00:00:32]} 36. Rc1 {[%clk 00:43:21]} {[%emt
00:00:43]} Rc8 {[%clk 00:51:03]} {[%emt 00:00:04]} 37. e7 {[%clk 00:42:22]}
{[%emt 00:01:29]} c2 {[%clk 00:51:02]} {[%emt 00:00:31]} 38. e8=Q {[%clk
00:42:29]} {[%emt 00:00:23]} Rxe8 {[%clk 00:51:12]} {[%emt 00:00:19]} 39. Rxc2
{[%clk 00:42:53]} {[%emt 00:00:06]} Re3 {[%clk 00:50:04]} {[%emt 00:01:37]} 40.
Kg2 {[%clk 00:39:37]} {[%emt 00:03:48]} Rbb3 {[%clk 00:49:38]} {[%emt
00:00:56]} 41. Rf2 {[%clk 00:39:57]} {[%emt 00:00:10]} Kg8 {[%clk 00:48:01]}
{[%emt 00:02:05]} 42. h4 {[%clk 00:37:16]} {[%emt 00:03:12]} Re4 {[%clk
00:47:36]} {[%emt 00:00:54]} 43. Ne5 {[%clk 00:37:35]} {[%emt 00:00:12]} Rxd4
{[%clk 00:47:07]} {[%emt 00:00:59]} 44. Rc2 {[%clk 00:37:40]} {[%emt 00:00:26]}
Rb8 {[%clk 00:45:21]} {[%emt 00:02:16]} 45. Kf3 {[%clk 00:34:59]} {[%emt
00:03:10]} Re4 {[%clk 00:42:19]} {[%emt 00:03:32]} 46. Ng6 {[%clk 00:35:15]}
{[%emt 00:00:15]} Rc4 {[%clk 00:41:52]} {[%emt 00:00:56]} 47. Rd2 {[%clk
00:33:39]} {[%emt 00:02:07]} Rb3+ {[%clk 00:40:41]} {[%emt 00:01:40]} 48. Kf2
{[%clk 00:33:57]} {[%emt 00:00:13]} Rxg4 {[%clk 00:36:51]} {[%emt 00:04:20]}
49. Rxd5 {[%clk 00:33:52]} {[%emt 00:00:36]} Rb8 {[%clk 00:37:10]} {[%emt
00:00:10]} 50. Kf3 {[%clk 00:32:46]} {[%emt 00:01:36]} Ra4 {[%clk 00:37:04]}
{[%emt 00:00:35]} 51. Rd3 {[%clk 00:32:03]} {[%emt 00:01:15]} Rab4 {[%clk
00:37:21]} {[%emt 00:00:12]} 52. Rd7 {[%clk 00:29:51]} {[%emt 00:02:43]} Rb3+
{[%clk 00:37:42]} {[%emt 00:00:08]} 53. Kg4 {[%clk 00:29:35]} {[%emt 00:00:46]}
Ra3 {[%clk 00:35:20]} {[%emt 00:02:53]} 54. Rd4 {[%clk 00:18:03]} {[%emt
00:12:01]} Rba8 {[%clk 00:34:38]} {[%emt 00:01:11]} 55. Rd7 {[%clk 00:17:40]}
{[%emt 00:00:53]} Kh7 {[%clk 00:30:23]} {[%emt 00:04:39]} 56. Rd2 {[%clk
00:29:10]} {[%emt 00:19:06]} R8a4+ {[%clk 00:54:16]} {[%emt 00:06:36]} 57. Kh5
{[%clk 00:28:54]} {[%emt 00:00:47]} Ra5 {[%clk 00:54:05]} {[%emt 00:00:41]} 58.
Rd8 {[%clk 00:27:29]} {[%emt 00:01:55]} Rxf5+ {[%clk 00:54:11]} {[%emt
00:00:24]} 59. Kg4 {[%clk 00:27:52]} {[%emt 00:00:06]} Kxg6 {[%clk 00:53:43]}
{[%emt 00:00:58]} 60. h5+ {[%clk 00:28:15]} {[%emt 00:00:08]} Rxh5 {[%clk
00:54:06]} {[%emt 00:00:07]} 61. Rd6+ {[%clk 00:28:38]} {[%emt 00:00:07]} Kh7
{[%clk 00:54:17]} {[%emt 00:00:19]} 62. Kxh5 {[%clk 00:29:01]} {[%emt
00:00:07]} Ra5+ {[%clk 00:54:43]} {[%emt 00:00:04]} 63. Kh4 {[%clk 00:29:15]}
{[%emt 00:00:15]} h5 {[%clk 00:54:21]} {[%emt 00:00:52]} 64. Kh3 {[%clk
00:29:23]} {[%emt 00:00:23]} Ra4 {[%clk 00:54:35]} {[%emt 00:00:17]} 0-1

[Event "ODJM A 2023"]
[Site "Willingen GER"]
[Date "2023.06.03"]
[Round "9"]
[White "Kliashtornyi, Arkadii"]
[Black "Winkler, Yonathan"]
[Result "1/2-1/2"]
[Termination "normal"]
[Board "12"]
[WhiteElo "1853"]
[BlackElo "2007"]
[WhiteClock "00:11:03"]
[BlackClock "00:52:31"]
[PlyCount "52"]
[WhiteFideId "34119698"]
[BlackFideId "16266080"]
[EventCountry "GER"]
[EventRounds "9"]
[EventType "swiss"]
[EventDate "2023.05.27"]

1. d4 {[%clk 01:30:57]} {[%emt 00:00:02]} d5 {[%clk 01:30:54]} {[%emt
00:00:07]} 2. Nf3 {[%clk 01:31:24]} {[%emt 00:00:02]} Bg4 {[%clk 01:31:16]}
{[%emt 00:00:09]} 3. Ne5 {[%clk 01:21:15]} {[%emt 00:10:40]} Bf5 {[%clk
01:27:36]} {[%emt 00:04:09]} 4. g3 {[%clk 01:15:00]} {[%emt 00:06:45]} Nd7
{[%clk 01:27:27]} {[%emt 00:00:39]} 5. Nf3 {[%clk 01:12:33]} {[%emt 00:02:58]}
c6 {[%clk 01:26:20]} {[%emt 00:01:36]} 6. Bg2 {[%clk 01:12:54]} {[%emt
00:00:08]} e6 {[%clk 01:26:15]} {[%emt 00:00:35]} 7. c4 {[%clk 01:10:28]}
{[%emt 00:02:58]} Bd6 {[%clk 01:26:33]} {[%emt 00:00:11]} 8. Nc3 {[%clk
01:09:50]} {[%emt 00:01:09]} Bg4 {[%clk 01:25:49]} {[%emt 00:01:12]} 9. O-O
{[%clk 01:02:24]} {[%emt 00:07:57]} f5 {[%clk 01:21:59]} {[%emt 00:04:20]} 10.
Ng5 {[%clk 00:50:21]} {[%emt 00:12:32]} Qe7 {[%clk 01:19:27]} {[%emt 00:03:02]}
11. Qb3 {[%clk 00:36:21]} {[%emt 00:14:31]} h6 {[%clk 01:14:20]} {[%emt
00:05:37]} 12. Nxe6 {[%clk 00:28:05]} {[%emt 00:08:47]} Qxe6 {[%clk 01:14:06]}
{[%emt 00:00:44]} 13. cxd5 {[%clk 00:25:09]} {[%emt 00:03:25]} Qe7 {[%clk
01:11:43]} {[%emt 00:02:52]} 14. dxc6 {[%clk 00:22:25]} {[%emt 00:03:15]} bxc6
{[%clk 01:11:53]} {[%emt 00:00:19]} 15. e4 {[%clk 00:19:19]} {[%emt 00:03:37]}
Rb8 {[%clk 01:07:37]} {[%emt 00:04:46]} 16. Qa4 {[%clk 00:19:22]} {[%emt
00:00:27]} Nb6 {[%clk 01:04:18]} {[%emt 00:03:48]} 17. Qxc6+ {[%clk 00:19:41]}
{[%emt 00:00:11]} Qd7 {[%clk 01:04:46]} {[%emt 00:00:01]} 18. e5 {[%clk
00:19:01]} {[%emt 00:01:10]} Bb4 {[%clk 01:00:56]} {[%emt 00:04:21]} 19. Qg6+
{[%clk 00:18:27]} {[%emt 00:01:03]} Kf8 {[%clk 01:00:08]} {[%emt 00:01:19]} 20.
e6 {[%clk 00:17:48]} {[%emt 00:01:09]} Qe8 {[%clk 00:58:49]} {[%emt 00:01:48]}
21. Qxe8+ {[%clk 00:17:01]} {[%emt 00:01:18]} Rxe8 {[%clk 00:57:52]} {[%emt
00:01:27]} 22. Re1 {[%clk 00:16:40]} {[%emt 00:00:50]} Nf6 {[%clk 00:56:40]}
{[%emt 00:01:41]} 23. h3 {[%clk 00:13:19]} {[%emt 00:03:51]} Bh5 {[%clk
00:56:57]} {[%emt 00:00:13]} 24. Re5 {[%clk 00:13:31]} {[%emt 00:00:16]} Bd6
{[%clk 00:55:14]} {[%emt 00:02:15]} 25. Re1 {[%clk 00:13:07]} {[%emt 00:00:53]}
Bb4 {[%clk 00:52:46]} {[%emt 00:02:58]} 26. Re5 {[%clk 00:11:03]} {[%emt
00:02:35]} Bd6 {[%clk 00:52:31]} {[%emt 00:00:44]} 1/2-1/2

[Event "ODJM A 2023"]
[Site "Willingen GER"]
[Date "2023.06.03"]
[Round "9"]
[White "Gold, Jan Christian"]
[Black "Kieselbach, Marvin"]
[Result "0-1"]
[Termination "normal"]
[Board "13"]
[WhiteElo "1754"]
[BlackElo "1850"]
[WhiteClock "00:01:16"]
[BlackClock "00:01:51"]
[PlyCount "72"]
[WhiteFideId "16298128"]
[BlackFideId "16235770"]
[EventCountry "GER"]
[EventRounds "9"]
[EventType "swiss"]
[EventDate "2023.05.27"]

1. d4 {[%clk 01:15:32]} {[%emt 00:00:28]} d5 {[%clk 01:30:53]} {[%emt
00:00:06]} 2. c4 {[%clk 01:15:59]} {[%emt 00:00:04]} e6 {[%clk 01:31:18]}
{[%emt 00:00:05]} 3. Nf3 {[%clk 01:16:27]} {[%emt 00:00:01]} Nf6 {[%clk
01:31:41]} {[%emt 00:00:08]} 4. g3 {[%clk 01:16:56]} Be7 {[%clk 01:32:03]}
{[%emt 00:00:07]} 5. Bg2 {[%clk 01:17:23]} {[%emt 00:00:04]} O-O {[%clk
01:32:21]} {[%emt 00:00:11]} 6. O-O {[%clk 01:17:51]} {[%emt 00:00:02]} dxc4
{[%clk 01:32:28]} {[%emt 00:00:24]} 7. Qc2 {[%clk 01:18:16]} {[%emt 00:00:04]}
a6 {[%clk 01:26:00]} {[%emt 00:06:59]} 8. a4 {[%clk 01:18:31]} {[%emt
00:00:15]} b6 {[%clk 01:20:48]} {[%emt 00:05:42]} 9. Bg5 {[%clk 01:14:31]}
{[%emt 00:04:29]} Ra7 {[%clk 01:16:49]} {[%emt 00:04:28]} 10. Qxc4 {[%clk
01:08:43]} {[%emt 00:06:19]} Bb7 {[%clk 01:15:03]} {[%emt 00:02:14]} 11. Nc3
{[%clk 01:04:25]} {[%emt 00:04:48]} Nbd7 {[%clk 01:08:29]} {[%emt 00:07:04]}
12. Rad1 {[%clk 00:49:04]} {[%emt 00:15:52]} c5 {[%clk 00:44:32]} {[%emt
00:24:26]} 13. dxc5 {[%clk 00:47:14]} {[%emt 00:02:20]} Qc7 {[%clk 00:40:12]}
{[%emt 00:04:50]} 14. b4 {[%clk 00:29:22]} {[%emt 00:18:22]} bxc5 {[%clk
00:36:54]} {[%emt 00:03:48]} 15. a5 {[%clk 00:24:59]} {[%emt 00:04:53]} Bxf3
{[%clk 00:36:10]} {[%emt 00:01:15]} 16. Bxf3 {[%clk 00:23:50]} {[%emt
00:01:40]} Ne5 {[%clk 00:35:36]} {[%emt 00:01:02]} 17. Qa2 {[%clk 00:21:22]}
{[%emt 00:02:58]} Nxf3+ 18. exf3 {[%clk 00:21:50]} cxb4 {[%clk 00:35:40]}
{[%emt 00:00:25]} 19. Ne2 {[%clk 00:20:53]} {[%emt 00:01:27]} Nd5 {[%clk
00:25:45]} {[%emt 00:10:25]} 20. Rc1 {[%clk 00:20:52]} {[%emt 00:00:32]} Qb8
{[%clk 00:23:04]} {[%emt 00:03:09]} 21. Bxe7 {[%clk 00:19:21]} {[%emt
00:02:03]} Rxe7 {[%emt 00:00:21]} 22. Rc6 {[%clk 00:17:09]} {[%emt 00:02:41]}
Rc8 {[%clk 00:18:14]} {[%emt 00:05:29]} 23. Nd4 {[%clk 00:15:14]} {[%emt
00:02:26]} Qb7 {[%clk 00:15:18]} {[%emt 00:03:26]} 24. Qc4 {[%clk 00:09:02]}
{[%emt 00:06:43]} Rxc6 {[%clk 00:13:51]} {[%emt 00:01:57]} 25. Nxc6 {[%clk
00:08:53]} {[%emt 00:00:38]} Rc7 {[%clk 00:13:29]} {[%emt 00:00:53]} 26. Rc1
{[%clk 00:09:18]} {[%emt 00:00:05]} Nc3 {[%clk 00:11:12]} {[%emt 00:02:45]} 27.
Qh4 {[%clk 00:06:04]} {[%emt 00:03:45]} f6 {[%clk 00:08:56]} {[%emt 00:02:46]}
28. Nd8 {[%clk 00:03:04]} {[%emt 00:03:30]} Qd5 {[%clk 00:04:54]} {[%emt
00:04:31]} 29. Qxb4 {[%clk 00:03:06]} {[%emt 00:00:29]} Ne2+ {[%clk 00:04:26]}
{[%emt 00:00:58]} 30. Kg2 {[%clk 00:03:18]} {[%emt 00:00:18]} Rxc1 {[%clk
00:04:18]} {[%emt 00:00:39]} 31. Qg4 {[%clk 00:01:30]} {[%emt 00:02:16]} Rg1+
{[%clk 00:03:34]} {[%emt 00:01:15]} 32. Kh3 {[%clk 00:01:58]} {[%emt 00:00:02]}
Nd4 {[%clk 00:02:19]} {[%emt 00:01:45]} 33. Nb7 {[%clk 00:01:34]} {[%emt
00:00:54]} Nxf3 {[%clk 00:01:35]} {[%emt 00:01:14]} 34. Nd8 {[%clk 00:00:54]}
{[%emt 00:01:10]} Ng5+ {[%clk 00:01:40]} {[%emt 00:00:24]} 35. Kh4 {[%clk
00:01:20]} {[%emt 00:00:05]} Qxd8 {[%clk 00:01:52]} {[%emt 00:00:19]} 36. Qc4
{[%clk 00:01:16]} {[%emt 00:00:34]} Qd4+ {[%clk 00:01:51]} {[%emt 00:00:29]}
0-1

[Event "ODJM A 2023"]
[Site "Willingen GER"]
[Date "2023.06.03"]
[Round "9"]
[White "Beyer, Lorenz"]
[Black "Weidenhöfer, Max"]
[Result "1/2-1/2"]
[Termination "normal"]
[Board "14"]
[WhiteElo "1915"]
[BlackElo "2000"]
[WhiteClock "00:47:49"]
[BlackClock "00:01:17"]
[PlyCount "132"]
[WhiteFideId "16245393"]
[BlackFideId "16230566"]
[EventCountry "GER"]
[EventRounds "9"]
[EventType "swiss"]
[EventDate "2023.05.27"]

1. d4 {[%clk 01:30:59]} d5 {[%clk 01:30:59]} {[%emt 00:00:03]} 2. Bf4 {[%clk
01:31:23]} {[%emt 00:00:05]} Nf6 {[%clk 01:31:23]} {[%emt 00:00:06]} 3. e3
{[%clk 01:31:51]} {[%emt 00:00:02]} e6 {[%clk 01:31:48]} {[%emt 00:00:04]} 4.
Nf3 {[%clk 01:32:17]} {[%emt 00:00:03]} Bd6 {[%clk 01:32:13]} {[%emt 00:00:05]}
5. Ne5 {[%clk 01:32:30]} {[%emt 00:00:17]} O-O {[%clk 01:32:01]} {[%emt
00:00:41]} 6. Bd3 {[%clk 01:32:00]} {[%emt 00:01:01]} b6 {[%clk 01:31:30]}
{[%emt 00:01:01]} 7. Nd2 {[%clk 01:32:10]} {[%emt 00:00:20]} c5 {[%clk
01:29:07]} {[%emt 00:02:52]} 8. c3 {[%clk 01:32:33]} {[%emt 00:00:07]} Ba6
{[%clk 01:29:09]} {[%emt 00:00:28]} 9. Bxa6 {[%clk 01:28:01]} {[%emt 00:05:02]}
Nxa6 {[%clk 01:25:27]} {[%emt 00:04:13]} 10. O-O {[%clk 01:28:22]} {[%emt
00:00:07]} Qc7 {[%clk 01:24:35]} {[%emt 00:01:22]} 11. Qe2 {[%clk 01:28:15]}
{[%emt 00:00:38]} Nb8 {[%clk 01:23:59]} {[%emt 00:01:05]} 12. h3 {[%clk
01:27:41]} {[%emt 00:01:06]} Nc6 {[%clk 01:18:14]} {[%emt 00:06:14]} 13. Nd3
{[%clk 01:26:07]} {[%emt 00:02:04]} Bxf4 {[%clk 01:13:11]} {[%emt 00:05:34]}
14. Nxf4 {[%clk 01:26:23]} {[%emt 00:00:12]} cxd4 {[%clk 01:13:14]} {[%emt
00:00:28]} 15. cxd4 {[%clk 01:26:47]} {[%emt 00:00:05]} Nxd4 {[%clk 01:13:19]}
{[%emt 00:00:26]} 16. Qd3 {[%clk 01:26:45]} {[%emt 00:00:32]} Nf5 {[%clk
01:08:36]} {[%emt 00:05:12]} 17. Rac1 {[%clk 01:20:26]} {[%emt 00:06:49]} Qb7
{[%clk 01:03:56]} {[%emt 00:05:10]} 18. Rc2 {[%clk 01:19:50]} {[%emt 00:01:07]}
Rac8 {[%clk 01:03:14]} {[%emt 00:01:11]} 19. Rfc1 {[%clk 01:19:54]} {[%emt
00:00:26]} Nd6 {[%clk 01:02:43]} {[%emt 00:01:01]} 20. Qa3 {[%clk 01:19:48]}
{[%emt 00:00:36]} Rxc2 {[%clk 00:47:59]} {[%emt 00:15:13]} 21. Rxc2 {[%clk
01:19:25]} {[%emt 00:00:53]} Nde4 {[%clk 00:47:20]} {[%emt 00:01:09]} 22. Nxe4
{[%clk 01:17:57]} {[%emt 00:01:59]} Nxe4 {[%clk 00:45:35]} {[%emt 00:02:15]}
23. Nd3 {[%clk 01:17:05]} {[%emt 00:01:23]} h6 {[%clk 00:35:04]} {[%emt
00:11:00]} 24. Ne5 {[%clk 01:14:59]} {[%emt 00:02:36]} a5 {[%clk 00:32:28]}
{[%emt 00:03:06]} 25. b4 {[%clk 01:07:08]} {[%emt 00:08:21]} Qe7 {[%clk
00:23:51]} {[%emt 00:09:07]} 26. Nc6 {[%clk 01:04:01]} {[%emt 00:03:36]} Qd6
{[%clk 00:24:19]} {[%emt 00:00:03]} 27. Qb2 {[%clk 01:03:51]} {[%emt 00:00:40]}
axb4 {[%clk 00:23:59]} {[%emt 00:00:50]} 28. Nxb4 {[%clk 01:03:06]} {[%emt
00:01:15]} Nc5 {[%clk 00:23:06]} {[%emt 00:01:24]} 29. Qd4 {[%clk 01:02:53]}
{[%emt 00:00:43]} Ra8 {[%clk 00:21:44]} {[%emt 00:01:52]} 30. Nd3 {[%clk
00:59:25]} {[%emt 00:03:58]} Ra4 {[%clk 00:19:00]} {[%emt 00:03:13]} 31. Qc3
{[%clk 00:57:58]} {[%emt 00:01:56]} Rc4 {[%clk 00:16:22]} {[%emt 00:03:09]} 32.
Qd2 {[%clk 00:57:45]} {[%emt 00:00:42]} Nxd3 {[%clk 00:15:07]} {[%emt
00:01:46]} 33. Qxd3 {[%clk 00:57:28]} {[%emt 00:00:48]} Qc7 {[%clk 00:15:17]}
{[%emt 00:00:19]} 34. Rd2 {[%clk 00:56:45]} {[%emt 00:01:13]} Rc3 {[%clk
00:14:59]} {[%emt 00:00:48]} 35. Qd4 {[%clk 00:56:00]} {[%emt 00:01:15]} Rc4
{[%clk 00:14:57]} {[%emt 00:00:32]} 36. Qd3 {[%clk 00:56:29]} {[%emt 00:00:01]}
Rc3 {[%clk 00:15:10]} {[%emt 00:00:18]} 37. Qd4 {[%clk 00:56:52]} {[%emt
00:00:06]} Rc1+ {[%clk 00:15:33]} {[%emt 00:00:07]} 38. Rd1 {[%clk 00:57:19]}
{[%emt 00:00:04]} Rxd1+ {[%clk 00:10:38]} {[%emt 00:05:25]} 39. Qxd1 {[%clk
00:57:46]} {[%emt 00:00:03]} Qc4 {[%clk 00:10:58]} {[%emt 00:00:10]} 40. a4
{[%clk 00:56:44]} {[%emt 00:01:31]} g6 {[%clk 00:01:42]} {[%emt 00:09:47]} 41.
Qb1 {[%clk 00:55:26]} {[%emt 00:01:49]} Qc5 {[%clk 00:29:22]} {[%emt 00:02:49]}
42. Qb2 {[%clk 01:25:18]} {[%emt 00:00:37]} h5 {[%clk 00:26:32]} {[%emt
00:03:21]} 43. h4 {[%clk 01:25:02]} {[%emt 00:00:46]} Kf8 {[%clk 00:24:50]}
{[%emt 00:02:12]} 44. g3 {[%clk 01:16:47]} {[%emt 00:08:44]} Ke7 {[%clk
00:24:19]} {[%emt 00:01:02]} 45. Qe5 {[%clk 01:16:20]} {[%emt 00:00:57]} Kd7
{[%clk 00:24:10]} {[%emt 00:00:39]} 46. Qb8 {[%clk 01:16:17]} {[%emt 00:00:34]}
Qc7 {[%clk 00:22:35]} {[%emt 00:02:04]} 47. Qf8 {[%clk 01:15:08]} {[%emt
00:01:39]} Kc6 {[%clk 00:22:58]} {[%emt 00:00:08]} 48. Qb4 {[%clk 01:15:29]}
{[%emt 00:00:08]} Qd7 {[%clk 00:18:49]} {[%emt 00:04:38]} 49. Qb5+ {[%clk
01:01:26]} {[%emt 00:14:33]} Kc7 {[%clk 00:19:06]} {[%emt 00:00:14]} 50. Qa6
{[%clk 01:01:46]} {[%emt 00:00:11]} Qc8 {[%clk 00:11:21]} {[%emt 00:08:15]} 51.
Qb5 {[%clk 01:02:00]} {[%emt 00:00:15]} Qd7 {[%clk 00:10:40]} {[%emt 00:01:11]}
52. Qa6 {[%clk 01:02:21]} {[%emt 00:00:09]} Qc6 {[%clk 00:10:46]} {[%emt
00:00:24]} 53. a5 {[%clk 01:00:38]} {[%emt 00:02:13]} bxa5 {[%clk 00:08:08]}
{[%emt 00:03:09]} 54. Qxa5+ {[%clk 01:00:54]} {[%emt 00:00:13]} Kd7 {[%clk
00:08:17]} {[%emt 00:00:22]} 55. Qa7+ {[%clk 01:00:37]} {[%emt 00:00:47]} Qc7
{[%clk 00:08:31]} {[%emt 00:00:16]} 56. Qa3 {[%clk 00:56:54]} {[%emt 00:04:14]}
Qd6 {[%clk 00:07:47]} {[%emt 00:01:13]} 57. Qa7+ {[%clk 00:56:26]} {[%emt
00:00:58]} Ke8 {[%clk 00:08:16]} {[%emt 00:00:01]} 58. Kf1 {[%clk 00:56:12]}
{[%emt 00:00:42]} Kf8 {[%clk 00:07:43]} {[%emt 00:01:04]} 59. Ke2 {[%clk
00:54:01]} {[%emt 00:02:42]} Qe7 {[%clk 00:07:55]} {[%emt 00:00:17]} 60. Qa1
{[%clk 00:54:08]} {[%emt 00:00:23]} f6 {[%clk 00:07:08]} {[%emt 00:01:17]} 61.
Qa8+ {[%clk 00:54:13]} {[%emt 00:00:25]} Kg7 {[%clk 00:07:30]} {[%emt
00:00:58]} 62. Qc6 {[%clk 00:54:02]} {[%emt 00:00:42]} Qf7 {[%clk 00:04:41]}
{[%emt 00:03:20]} 63. f4 {[%clk 00:50:50]} {[%emt 00:03:41]} e5 {[%clk
00:03:33]} {[%emt 00:01:39]} 64. Kd3 {[%clk 00:49:24]} {[%emt 00:01:55]} Kh7
{[%clk 00:02:07]} {[%emt 00:01:56]} 65. Qd6 {[%clk 00:47:49]} {[%emt 00:02:05]}
exf4 {[%clk 00:00:59]} {[%emt 00:01:39]} 66. exf4 {[%clk 00:47:49]} {[%emt
00:00:29]} Kg7 {[%clk 00:01:17]} {[%emt 00:00:13]} 1/2-1/2